Statistiques concernant Film Disney par emoji

Cliquez ici pour prendre le quiz!

Statistiques générales

  • Ce quiz a été pris 358 fois
  • Le résultat moyen est 12 sur 15

Statistiques - réponses

HintRéponse% Correct
👩🏻‍🦰👱🏻‍♀️❄️⛄️La reine des neiges
97%
🧜🏻‍♀️❤️🧑🏻🐙La petite sirène
95%
🦁🦒🦍👑Le roi lion
94%
👩🏻🪞👦🏻🍎Blanche neige
91%
🧑🏽❤️👩🏽🧞‍♂️Aladdin
86%
👩🏽🧑🏽🐸🐸La princesse et la grenouille
86%
🧒🏽🐻🐵🐅Le livre de la jungle
84%
🐰👧🏼♥️♠️Alice au pays des merveilles
83%
👩🏽‍🦱⛵️🧑🏽‍🦱🐓Vaiana
77%
👦🏻🎸💀☠️Coco
76%
👩🏼🍳🎨🧑🏻Raiponce
68%
🧑🏻‍🦰🏝️🏴‍☠️🪝Peter pan
67%
👩🏻☂️👦🏻👧🏼Mary poppins
55%
🐭🐭🌇🧳Bernard et Bianca
48%
🦊🦊🐻💰Robin des bois
45%

Distribution des résultats

Percentile par nombre de réponses

% des personnes avec chaque résultat

Votre développement - résultats

Vous n’avez pas pris ce quiz